000 00640nam a2200229Ia 4500
005 20260320201848.0
008 008 262003s9999 xx 000 0 eng d
037 _aEBOOK
040 _aCRL
040 _beng
040 _cCRL
041 _2eng
041 _aeng
084 _qCRL
100 _aMoreno
_9914530
245 0 _aGoogle Cloud Certified Professional Cloud Developer Exam Guide: Modernize your applications using cloud-native services and best practices
260 _bIEEE
856 _uhttps://ieeexplore.ieee.org/servlet/opac?bknumber=10162565
942 _cEBOOK
999 _c1723956
_d1723956